Countries with Physics Nobel Prize Winners - Statistics

General Stats
  • This quiz has been taken 55 times
  • The average score is 20 of 24
Answer Stats
Continent Country % Correct
Asia/ Europe Russia
100%
North America United States of America
100%
Oceania Australia
98%
Asia China
98%
Europe France
98%
Europe Germany
98%
Asia Japan
98%
Europe United Kingdom
98%
North America Canada
96%
Europe Italy
96%
Europe Sweden
94%
Europe Austria
92%
Europe Poland
90%
Europe Belgium
88%
Asia India
88%
Europe Norway
88%
Europe the Netherlands
88%
Europe Switzerland
86%
Europe Denmark
82%
Europe Hungary
68%
Europe Ireland
68%
Asia Taiwan
60%
Asia Pakistan
54%
Asia Azerbaijan
20%
No matching quizzes found
Score Distribution
Percent of People with Each Score
Percentile by Number Answered
Your Score History
You have not taken this quiz